|
|
|
|
| LEADER |
00000cab a2200000 a 4500 |
| 001 |
vtls011548825 |
| 003 |
SK-MaSNL |
| 005 |
20260318121923.0 |
| 008 |
160428c2016 xo er p 000 c0ukr |
| 015 |
|
|
|a SNBRB2016/04
|
| 038 |
|
|
|a SVKPOCL
|
| 040 |
|
|
|a SVKPOCL
|b slo
|c SVKPOCL
|d SVKPOCL
|e AACR2
|
| 041 |
0 |
|
|a ukr
|
| 044 |
|
|
|a xo
|c SK
|
| 080 |
|
|
|a 80(=16)+908(4)
|2 2011
|
| 080 |
|
|
|a 80(=161.2)+908(477)
|2 2011
|
| 080 |
|
|
|a 316.022.4(=161.25)(437.6)
|2 2011
|
| 080 |
|
|
|a 347.96
|2 2011
|
| 080 |
|
|
|a 32-051
|2 2011
|
| 080 |
|
|
|a 929 Dobriansky, Adolf
|2 2011
|
| 100 |
1 |
|
|a Iľuk, Miroslav,
|d 1942-
|4 aut
|9 6395
|
| 245 |
1 |
0 |
|a Ridnyj dim Adol'fa Dobrjans'koho pid zahrozoju
|c [avtor] -mi-
|
| 300 |
|
|
|b Fotogr.
|
| 500 |
|
|
|a -mi- pozri Iljuk, Miroslav
|
| 504 |
|
|
|a Bibliogr. odkazy
|
| 600 |
1 |
7 |
|a Dobriansky, Adolf I.,
|d 1817-1901
|2 svkpocl
|9 142221
|
| 650 |
0 |
7 |
|a Rusíni
|z Slovensko
|2 svkpocl
|9 336690
|
| 650 |
0 |
7 |
|a právnici
|2 svkpocl
|9 2687
|
| 650 |
0 |
7 |
|a politici
|2 svkpocl
|9 2679
|
| 650 |
0 |
7 |
|a slavistika
|2 svkpocl
|9 4282
|
| 650 |
0 |
7 |
|a ukrajinistika
|2 svkpocl
|9 51200
|
| 650 |
0 |
7 |
|a rodáci
|2 svkpocl
|9 30842
|
| 650 |
0 |
7 |
|a osobnosti
|2 svkpocl
|9 29820
|
| 651 |
|
7 |
|a Rudlov (Slovensko)
|2 svkpocl
|9 51615
|
| 651 |
|
7 |
|a Vranov nad Topľou (Slovensko : okres)
|2 svkpocl
|9 29498
|
| 651 |
|
7 |
|a Innsbruck (Rakúsko)
|2 svkpocl
|9 60323
|
| 651 |
|
7 |
|a Čertižné (Slovensko)
|2 svkpocl
|9 51198
|
| 651 |
|
7 |
|a Medzilaborce (Slovensko : okres)
|2 svkpocl
|9 29394
|
| 655 |
|
7 |
|a biografie
|2 svkpocl
|9 27965
|
| 773 |
0 |
|
|t Nove žyttja
|g Roč. 66, č. 5 (2016), s. 3
|
| 852 |
|
|
|a SVKPO
|b KIS3GCP
|
| 958 |
|
|
|a UK
|
| 958 |
|
|
|a SK
|
| 958 |
|
|
|a SS
|
| 958 |
|
|
|a BX
|
| 958 |
|
|
|a NB
|
| 999 |
|
|
|c 3255367
|d 3257297
|